انحراف الأحداث بين القانون و المجتمع / (Record no. 122574)

MARC details
000 -LEADER
fixed length control field 00577nam a22001817a 4500
005 - DATE AND TIME OF LATEST TRANSACTION
control field 20251108174947.0
008 - FIXED-LENGTH DATA ELEMENTS--GENERAL INFORMATION
fixed length control field 250721s2010 xx 000 0 ara d
082 14 - DEWEY DECIMAL CLASSIFICATION NUMBER
Classification number 345.07/بنا
100 1# - MAIN ENTRY--PERSONAL NAME
Personal name البنا، خليل
Relator term مؤلف
245 10 - TITLE STATEMENT
Title انحراف الأحداث بين القانون و المجتمع /
264 1# - PRODUCTION, PUBLICATION, DISTRIBUTION, MANUFACTURE, AND COPYRIGHT NOTICE
Place of production, publication, distribution, manufacture عمان :
Name of producer, publisher, distributor, manufacturer المؤلف،
Date of production, publication, distribution, manufacture, or copyright notice 2010.
300 ## - PHYSICAL DESCRIPTION
Extent 174ص.
650 17 - SUBJECT ADDED ENTRY--TOPICAL TERM
Topical term or geographic name as entry element إنحراف الأحداث
650 17 - SUBJECT ADDED ENTRY--TOPICAL TERM
Topical term or geographic name as entry element الإصلاحيات
650 17 - SUBJECT ADDED ENTRY--TOPICAL TERM
Topical term or geographic name as entry element النظام الجنائي لإصلاح الأحداث
942 ## - ADDED ENTRY ELEMENTS (KOHA)
Source of classification or shelving scheme Dewey Decimal Classification
Koha item type Books
Holdings
حالة السحب حالة الفقدان مصدر التصنيف حالة التلف غير قابل للإعارة المكتبة الرئيسية المكتبة الحالية موقع الرف تاريخ التزويد الرقم المتسلسل Total Checkouts رقم الإستدعاء الباركود تاريخ آخر ظهور تاريخ الفاتورة نوع المادة (كوها)
    Dewey Decimal Classification     المكتبة المركزية المكتبة المركزية الإعارة 28/07/2025 1432229   345.07/بنا PLD00184028 28/07/2025 28/07/2025 Books
    Dewey Decimal Classification     المكتبة المركزية المكتبة المركزية مقتنيات قسم التزويد 28/07/2025 1483541   345.07/بنا   28/07/2025 28/07/2025 Books
    Dewey Decimal Classification     مكتبة أبو علندا العامة مكتبة أبو علندا العامة الإعارة 25/01/2011 1432241   345.07/بنا PLD00185691 28/07/2025 25/01/2011 Books
    Dewey Decimal Classification     مكتبة الأميرة ايمان العامة مكتبة الأميرة ايمان العامة الإعارة 25/01/2011 1432237   345.07/بنا PLD00185686 28/07/2025 25/01/2011 Books
    Dewey Decimal Classification     مكتبة الاميرة بديعة مكتبة الاميرة بديعة الإعارة 25/01/2011 1432238   345.07/بنا PLD00185687 28/07/2025 25/01/2011 Books
    Dewey Decimal Classification     مكتبة الجويدة مكتبة الجويدة الإعارة 25/01/2011 1432239   345.07/بنا PLD00185688 28/07/2025 25/01/2011 Books
    Dewey Decimal Classification     مكتبة الراية الهاشمية للأطفال مكتبة الراية الهاشمية للأطفال الإعارة 07/02/2015 1591506   345.07/بنا PLD00315601 28/07/2025 07/02/2015 Books
    Dewey Decimal Classification     مكتبة النصر العامة مكتبة النصر العامة الإعارة 25/01/2011 1432232   345.07/بنا PLD00185681 28/07/2025 25/01/2011 Books
    Dewey Decimal Classification     مكتبة صويلح العامة مكتبة صويلح العامة الإعارة 25/01/2011 1432231   345.07/بنا PLD00185680 28/07/2025 25/01/2011 Books
Implemented & Customized by: BBB with SCIT (Smart Chains for Information Technology)

Powered by Koha